Computer-Aided Manufacturing (Record no. 31029)

MARC details
000 -LEADER
fixed length control field 00411nam a22001817a 4500
003 - CONTROL NUMBER IDENTIFIER
control field OSt
005 - DATE AND TIME OF LATEST TRANSACTION
control field 20220221141453.0
008 - FIXED-LENGTH DATA ELEMENTS--GENERAL INFORMATION
fixed length control field 220221b |||||||| |||| 00| 0 eng d
020 ## - INTERNATIONAL STANDARD BOOK NUMBER
International Standard Book Number 0131429191
040 ## - CATALOGING SOURCE
Transcribing agency HU
082 ## - DEWEY DECIMAL CLASSIFICATION NUMBER
Classification number 670.285
100 ## - MAIN ENTRY--PERSONAL NAME
Personal name Computer
9 (RLIN) 23875
245 ## - TITLE STATEMENT
Title Computer-Aided Manufacturing
250 ## - EDITION STATEMENT
Edition statement 3ed
260 ## - PUBLICATION, DISTRIBUTION, ETC.
Place of publication, distribution, etc. New Jersey
Name of publisher, distributor, etc. New Jersey
300 ## - PHYSICAL DESCRIPTION
Type of unit 670
942 ## - ADDED ENTRY ELEMENTS (KOHA)
Source of classification or shelving scheme Dewey Decimal Classification
Koha item type Books like text book referance book
Suppress in OPAC No
Holdings
Withdrawn status Lost status Source of classification or shelving scheme Damaged status Not for loan Home library Current library Shelving location Date acquired Total Checkouts Full call number Barcode Date last seen Copy number Price effective from Koha item type
    Dewey Decimal Classification     IoT Library IoT Library General Stacks 02/21/2022   670.285/COM/2006 IOTL0014582 02/21/2022 1 02/21/2022 Books like text book referance book
    Dewey Decimal Classification     IoT Library IoT Library General Stacks 02/21/2022   670.285/COM/2006 IOTL0014583 02/21/2022 2 02/21/2022 Books like text book referance book
    Dewey Decimal Classification     IoT Library IoT Library General Stacks 02/21/2022   670.285/COM/2006 IOTL0014584 02/21/2022 3 02/21/2022 Books like text book referance book
    Dewey Decimal Classification     IoT Library IoT Library General Stacks 02/21/2022   670.285/COM/2006 IOTL0014585 02/21/2022 4 02/21/2022 Books like text book referance book
    Dewey Decimal Classification     IoT Library IoT Library General Stacks 02/21/2022   670.285/COM/2006 IOTL0014586 02/21/2022 5 02/21/2022 Books like text book referance book
    Dewey Decimal Classification     IoT Library IoT Library General Stacks 02/21/2022   670.285/COM/2006 IOTL0014587 02/21/2022 6 02/21/2022 Books like text book referance book
    Dewey Decimal Classification     IoT Library IoT Library General Stacks 03/31/2022   670.285/COM/2006 IOTL 0016105 03/31/2022 7 03/31/2022 Books like text book referance book